| 000 | 00362nam a2200145Ia 4500 | ||
|---|---|---|---|
| 008 | 230312s9999||||xx |||||||||||||| ||und|| | ||
| 020 | _a1-4027-5036-6 | ||
| 082 |
_a979.494 _bWIL-L |
||
| 100 | _aWilkman;Jan | ||
| 245 | 0 | _aLos angeles:A Pictorial Celebration | |
| 260 |
_bPenn Publishing _aChina _c2008 |
||
| 300 | _a160 | ||
| 650 | _aArchitecture | ||
| 942 | _cBK | ||
| 999 |
_c11903 _d11903 |
||